000 00758nam a2200205Ia 4500
003 GCL
008 140319s9999 xx 000 0 ara d
040 _aGCL /
_cGCL
082 0 4 _a341.026
_bج م
100 1 _aجامعة الدول العربية
245 1 0 _aمجموعة المعاهدات والاتفاقيات المعقودة فى نطاق جامعة الدول العربية /
_cجامعة الدول العربية
300 _a107 ص
490 _aالهيئة العامة للاستعلامات
_v0
650 0 4 _aالمعاهدات
650 0 4 _aالاتفاقيات
650 0 4 _aجامعة الدول العربية
650 0 4 _aالاتفاقيات العربية
650 0 4 _aالمعاهدات العربية
942 _2ddc
_cBK
999 _c50982
_d50982